Skip to main content
Your cart is empty.
Your lists
Log in to create your own lists
Your cookies
العربية
English
العربية
Home
Search
Advanced search
Authority search
About
The noble scholar, jurist, historian
His Excellency Dr. Abdul Wahhab bin Ibrahim Abu Sulaiman, may Allah have mercy on him.
He was born in Umm Al-Qura in the year 1356 AH.
Library catalog
Title
Author
Subject
ISBN
ISSN
Series
Call number
Log in to your account
×
Login:
Password:
Home
MARC view: مراسلات الباب العالي إلى ولاية الحجاز في الأرشيف العالي :
Normal view
MARC view
ISBD view
مراسلات الباب العالي إلى ولاية الحجاز في الأرشيف العالي : (Record no. 11611)
[
view plain
]
MARC details
000 -LEADER
fixed length control field
01353cam a22003131i 4500
003 - CONTROL NUMBER IDENTIFIER
control field
SA-RiAUC
005 - DATE AND TIME OF LATEST TRANSACTION
control field
20250911113601.0
008 - FIXED-LENGTH DATA ELEMENTS--GENERAL INFORMATION
fixed length control field
250906s2010____su g b f00010 ara c
020 ## - INTERNATIONAL STANDARD BOOK NUMBER
International Standard Book Number
9789960556383
040 ## - CATALOGING SOURCE
Original cataloging agency
SA-JeALM
Language of cataloging
ara
Transcribing agency
SA-RiAUC
Description conventions
rda
041 1# - LANGUAGE CODE
Language code of text/sound track or separate title
ara
Language code of original
und
043 ## - GEOGRAPHIC AREA CODE
Geographic area code
a-su---
072 #7 - SUBJECT CATEGORY CODE
Subject category code
089
082 04 - DEWEY DECIMAL CLASSIFICATION NUMBER
Classification number
953.09531
Assigning agency
SA-RiAUC
090 ## - LOCALLY ASSIGNED LC-TYPE CALL NUMBER (OCLC); LOCAL CALL NUMBER (RLIN)
Classification number (OCLC) (R) ; Classification number, CALL (RLIN) (NR)
953.09531
Local cutter number (OCLC) ; Book number/undivided call number, CALL (RLIN)
م ر ا
245 00 - TITLE STATEMENT
Title
مراسلات الباب العالي إلى ولاية الحجاز في الأرشيف العالي :
Remainder of title
دفتر العينات رقم 873 (1283-1291 هـ / 1866-1875 م) /
Statement of responsibility, etc.
ترجمة وتعليق سهيل صابان.
250 ## - EDITION STATEMENT
Edition statement
الطبعة الأولى.
264 #1 - PRODUCTION, PUBLICATION, DISTRIBUTION, MANUFACTURE, AND COPYRIGHT NOTICE
Place of production, publication, distribution, manufacture
الرياض :
Name of producer, publisher, distributor, manufacturer
جامعة الملك سعود، النشر العلمي والمطابع،
Date of production, publication, distribution, manufacture, or copyright notice
2010
300 ## - PHYSICAL DESCRIPTION
Extent
510 صفحة ؛
Dimensions
24 سم
336 ## - CONTENT TYPE
Content type term
نص
Content type code
txt
Source
rdacontent
Materials specified
كتاب
337 ## - MEDIA TYPE
Media type term
بدون وسيط
Media type code
n
Source
rdamedia
338 ## - CARRIER TYPE
Carrier type term
مجلد
Carrier type code
nc
Source
rdacarrier
500 ## - GENERAL NOTE
General note
إهداء من سهيل صابان بتاريخ 1432/2/7 هـ
504 ## - BIBLIOGRAPHY, ETC. NOTE
Bibliography, etc. note
ببليوجرافية : صفحة 501-502.
651 #7 - SUBJECT ADDED ENTRY--GEOGRAPHIC NAME
Geographic name
الحجاز (السعودية)
General subdivision
تاريخ
Chronological subdivision
الحكم العثماني، 922-1214 هجري.
Source of heading or term
aucsh
700 1# - ADDED ENTRY--PERSONAL NAME
Personal name
صابان، سهيل محمد،
Dates associated with a name
1960-
Relator term
مترجم.
942 ## - ADDED ENTRY ELEMENTS (KOHA)
Source of classification or shelving scheme
Dewey Decimal Classification
Koha item type
Books
Suppress in OPAC
No
949 ## - LOCAL PROCESSING INFORMATION (OCLC)
a
SA-JeALM
d
250906
u
mohamedma123
n
1
Holdings
Withdrawn status
Lost status
Source of classification or shelving scheme
Damaged status
Not for loan
Home library
Current library
Date acquired
Total checkouts
Full call number
Barcode
Date last seen
Price effective from
Koha item type
Dewey Decimal Classification
DR AbdElwahab Library
DR AbdElwahab Library
09/11/2025
953.09531 م ر ا
000018757
09/11/2025
09/11/2025
Books
Place hold
Print
Add to your cart
(remove)
Save record
BIBTEX
Dublin Core
MARCXML
MARC (non-Unicode/MARC-8)
MARC (Unicode/UTF-8)
MARC (Unicode/UTF-8, Standard)
MODS (XML)
RIS
ISBD
More searches
Search for this title in:
Other Libraries (WorldCat)
Other Databases (Google Scholar)
Online Stores (Bookfinder.com)
Open Library (openlibrary.org)
Exporting to Dublin Core...
×
Simple DC-RDF
OAI-DC
SRW-DC